United State (Record no. 38305)

MARC details
000 -LEADER
fixed length control field 00499nam a2200157Ia 4500
022 ## - INTERNATIONAL STANDARD SERIAL NUMBER
ISSN QA 76.9 .I58/
050 ## - CALL MARK
Classification number International journal of data science and analytics
245 #0 - TITLE STATEMENT
Title United State
260 ## - PUBLICATION, DISTRIBUTION, ETC. (IMPRINT)
Place of publication Arkansas state highway and transportation department
260 ## - PUBLICATION, DISTRIBUTION, ETC. (IMPRINT)
Name of publisher 2023
260 ## - PUBLICATION, DISTRIBUTION, ETC. (IMPRINT)
Year of publication 134 p. :ill. ; 28 cm.
300 ## - PHYSICAL DESCRIPTION
Number of Pages Big data--periodicals Data mining--periodicals Databases--periodicals
650 ## - SUBJECT ADDED ENTRY--TOPICAL TERM
Topical Term SR

No items available.